| 000 | 00432nam a2200181Ia 4500 | ||
|---|---|---|---|
| 008 | 180207s9999 xx 000 0 und d | ||
| 020 | _a9781443119894 | ||
| 050 | _bS885 2013 | ||
| 100 | _aStorms, Patricia | ||
| 245 | _aNever let you go / | ||
| 245 | _cby Patricia Storms. | ||
| 260 | _aNew York : | ||
| 260 | _bScholastic, | ||
| 260 | _c2013 | ||
| 300 | _aunpaged : | ||
| 300 | _bcolor illustrations ; | ||
| 300 | _c23cm. | ||
| 999 |
_c355771 _d355771 |
||